| 000 | 00418nam a22001697a 4500 | ||
|---|---|---|---|
| 005 | 20180730143409.0 | ||
| 008 | 160624b xxu||||| |||| 00| 0 eng d | ||
| 020 | _a81-85939-70-2 | ||
| 041 | _aeng | ||
| 082 |
_b9688 _a658.3 |
||
| 100 |
_aShandilya, Col D.K. _92636 |
||
| 245 | _aManagement of Change and Organisational Development | ||
| 260 | _bGalgotia | ||
| 300 | _a69 | ||
| 650 |
_aManagement _9241 |
||
| 942 | _cBK | ||
| 999 |
_c3770 _d3769 |
||